Možnosti aplikácie marketingového výskumu

Pojem marketingový výskum. Možné aktivity marketingového výskumu. Vývoj techník marketingového výskumu.

Saved in:
Bibliographic Details
Main Author: Majtán, Miroslav
Other Authors: Šinský, Peter
Format: Book Chapter
Language:Slovak
Subjects:
Tags: Add Tag
No Tags, Be the first to tag this record!

MARC

LEADER 00000nla$a2200000$$$4500
001 0096681
005 20240506130309.7
041 0 |a slo 
044 |a SK 
245 1 0 |a Možnosti aplikácie marketingového výskumu  |c Miroslav Majtán, Peter Šinský 
520 |a Pojem marketingový výskum. Možné aktivity marketingového výskumu. Vývoj techník marketingového výskumu. 
610 2 0 |a výskum marketingový 
610 2 0 |a stratégia marketingová 
610 2 0 |a nástroje marketingové 
610 2 0 |a spotrebitelia 
610 2 0 |a reklama 
610 2 0 |a tvorba cien 
100 1 |a Majtán, Miroslav 
700 1 |a Šinský, Peter